00779cam a22002297a 4500003000500000005001700005008004100022010001000063011001000073035001000083040000900093100004500102245010400147260004000251300002000291502011400311650001100425650003500436650001000471700002800481710004000509CHAP20220817041456.0971013s1992 r 00010 d a15558 a16530 a20610 cCHAP00aRosa Hernández, Juan Patrocinio de la.13aEl cultivo del nopal (Opuntia spp.) : diferentes usos, manejo agronómico y costos de producción aChapingo, Méx. :bEl autor,c1992 a143 h.b: ilus. aTesis (Ing. Agr. Esp. en Economía Agrícola y Zonas Aridas) -- UACH. Departamento de Economía Agrícola14aNopal.14aNopalxCostos de producción.14aTuna.0 aSantana Amaro, Delfino.0 aUACH. Departamento de Zonas Aridas.